000 01364nam a2200385 c 4500
001 18412
003 ES-MaCES
005 20150925135635.0
008 060117s2005 sp d t o000 | spa d
017 _aM 51445-2005
_bDL
020 _a8481882518
035 _aCES20060000370m
040 _aES-MaCES
_bspa
_cES-MaCES
100 1 _aVergara del Río, Mónica
_925737
245 1 0 _aEmpresas de trabajo temporal
_b: representación de los trabajadores y negociación colectiva
_cMónica Vergara del Río
250 _a1ª ed
260 _aMadrid
_bConsejo Económico y Social
_c2005
300 _aXXI, 269 p.
_c23 cm
490 1 _aColección Estudios
_v181
504 _aBibliografía: p. 263-269
541 _cGratuito
650 4 _aempresa de trabajo temporal
_929837
650 4 _atransferencia de personal a otra empresa
_930449
650 4 _arepresentación de los trabajadores
_928379
650 4 _anegociación colectiva
_928362
650 4 _aEspaña
_926964
650 4 _arégimen jurídico
_929894
653 1 0 _aRelaciones laborales-Empleo
650 4 _928369
_arelaciones laborales
710 2 _aConsejo Económico y Social (España)
_eed.
_92408
830 0 _aColección Estudios (Consejo Económico y Social (España))
_v181
_932341
902 _aLIB Libro
942 _2CES
_cBK
_h2.0.
999 _c18412
_d18412